000
00330nam a2200133Ia 4500
008
220216s9999 xx 000 0 und d
100
_a
Fernando D M
245
0
_a
Hevea planting material to 2000 A D
260
_b
Rubber Board Bulletin
_c
1975
300
_a
38-40
650
_a
Hevea
650
_a
Planting material
942
_c
JS
999
_c
60335
_d
60335